00773nam a2200205 i 450000100060000000300090000600500170001500700030003200800410003510000180007624500760009426000680017030000310023849000430026950000820031260000430039474000530043783000430049085200340053336955ES-MaACL20230906155457.0t|030219q1981 sp ||||1| spa d1 aBover, Jaume.10aBibliografía de Joaquín María Bover de Roselló / cJaume Bover. a[Palma de Mallorca] : bBiblioteca Bartolomé March, c[1981?] aP. 60, 5 lám. ; c25 cm.1 aFontes rerum Balearium. Subsidia ; v1 aSeparata de: Bolletí de la Societat Arqueologica Luliana, 1981, t. XXXVIII.14aBover, Joaquín María (d1810-1865)0 aBolletí de la Societát Arqueologica Luliana.0 aFontes rerum Balearium. Subsidia ; v1 aES-MaACLj2136-F-5 bR.110579